[Event "Regionalliga SW 0708"]
[Site "Bayern"]
[Date "2007.11.04"]
[Round "2.6"]
[White "Gruenke, Paul"]
[Black "Magg, Christian"]
[Result "1/2-1/2"]
[WhiteElo "2037"]
[BlackElo "2047"]
[PlyCount "101"]
[EventDate "2007.10.21"]
[EventType "team-tourn"]
[EventRounds "9"]
[EventCountry "GER"]
[SourceTitle "EXT 2009"]
[Source "ChessBase"]
[SourceDate "2008.11.26"]
[SourceVersion "1"]
[SourceVersionDate "2008.11.26"]
[SourceQuality "1"]
[WhiteTeam "Muenchen Tarrasch II"]
[BlackTeam "Tuerkheim"]
[WhiteTeamCountry "GER"]
[BlackTeamCountry "GER"]

1. e4 c6 2. d4 d5 3. e5 Bf5 4. Bd3 Bxd3 5. Qxd3 e6 6. Ne2 c5 7. dxc5 Nc6 8. Bf4 Bxc5 9. Nbc3 Nge7 10. Bg3 a6 11. 0-0-0 Qa5 12. Kb1 b5 13. Nc1 Qb6 14. Rd2 Rc8 15. Nb3 Bb4 16. f4 Na5 17. Bf2 Qc7 18. Nxa5 Bxa5 19. Bd4 Nc6 20. Bf2 0-0 21. Re2 Rfd8 22. Bh4 Rd7 23. Rd1 Bxc3 24. Qxc3 d4 25. Qg3 Kh8 26. Red2 Rd5 27. Qa3 a5 28. Bf2 b4 29. Qa4 Rcd8 30. Bxd4 h6 31. Be3 Rxd2 32. Rxd2 Rxd2 33. Bxd2 Qd7 34. Kc1 Qd5 35. c3 Qxg2 36. cxb4 axb4 37. a3 Qf1+ 38. Qd1 Qc4+ 39. Qc2 Qf1+ 40. Qd1 Qa6 41. Bxb4 Nxb4 42. axb4 Qc4+ 43. Kb1 Qxb4 44. Qd8+ Kh7 45. Qd3+ g6 46. Qe3 h5 47. Qg3 Qd2 48. Qh4 Kg8 49. Qg3 Kf8 50. Qa3+ Kg7 51. Qg3 1/2-1/2

[Event "Landesliga Sued 9697"]
[Site "Bayern"]
[Date "1997.04.13"]
[Round "8"]
[White "Magg, Christian"]
[Black "Albeker, Mark"]
[Result "1-0"]
[WhiteElo "2120"]
[BlackElo "2015"]
[PlyCount "79"]
[EventDate "1996.10.13"]
[EventType "team-tourn"]
[EventRounds "9"]
[EventCountry "GER"]
[SourceTitle "EXT 2020"]
[Source "ChessBase"]
[SourceDate "2019.10.17"]
[SourceVersion "1"]
[SourceVersionDate "2019.10.17"]
[SourceQuality "1"]
[WhiteTeam "Krumbach"]
[BlackTeam "Haunstetten TSV"]
[WhiteTeamCountry "GER"]
[BlackTeamCountry "GER"]

1. e4 c5 2. Nc3 Nc6 3. f4 g6 4. Nf3 Bg7 5. g3 d6 6. Bg2 Nf6 7. d3 0-0 8. 0-0 Rb8 9. h3 Qc7 10. g4 e6 11. f5 exf5 12. exf5 gxf5 13. g5 Ne8 14. Nd5 Qd8 15. Nh4 Bd4+ 16. Kh1 Ng7 17. Nf3 Be6 18. Nxd4 Bxd5 19. Bxd5 Nxd4 20. c3 Nde6 21. Rg1 Nc7 22. Bb3 Nce6 23. Qf3 Qd7 24. Bd2 b5 25. Raf1 a5 26. Rg2 a4 27. Bd5 Rb6 28. Qf2 Nc7 29. Bf3 Kh8 30. h4 Nce6 31. h5 Qe7 32. Re1 Qd8 33. h6 Ne8 34. Bh5 f4 35. Bxf4 Nxf4 36. Qxf4 Kg8 37. Rge2 Nc7 38. Re7 Nd5 39. Bxf7+ Kh8 40. Qf5 1-0

[Event "Landesliga Sued 9596"]
[Site "Bayern"]
[Date "1995.11.05"]
[Round "2"]
[White "Magg, Christian"]
[Black "Pitschka, Claus"]
[Result "1/2-1/2"]
[WhiteElo "2145"]
[BlackElo "2255"]
[PlyCount "61"]
[EventDate "1995.10.15"]
[EventType "team-tourn"]
[EventRounds "9"]
[EventCountry "GER"]
[SourceTitle "EXT 2020"]
[Source "ChessBase"]
[SourceDate "2019.10.17"]
[SourceVersion "1"]
[SourceVersionDate "2019.10.17"]
[SourceQuality "1"]
[WhiteTeam "Krumbach"]
[BlackTeam "Sendling SC"]
[WhiteTeamCountry "GER"]
[BlackTeamCountry "GER"]

1. e4 Nf6 2. d3 e5 3. f4 d6 4. Nf3 Nc6 5. Be2 Be7 6. 0-0 0-0 7. Nc3 Re8 8. Kh1 Bf8 9. fxe5 dxe5 10. Bg5 Be7 11. Be3 h6 12. Qd2 Be6 13. a3 Nh7 14. b4 Ng5 15. b5 Nxf3 16. gxf3 Nd4 17. Rg1 Kh7 18. Rg2 Qd7 19. f4 exf4 20. Bxf4 Nxe2 21. Nxe2 Qxb5 22. Rag1 Rg8 23. c4 Qd7 24. Qc3 Bf6 25. Be5 Bxe5 26. Qxe5 f6 27. Qc3 Rad8 28. d4 Bf7 29. Qd3 g6 30. Rf2 f5 31. Rgf1 1/2-1/2

[Event "Landesliga Sued 9495"]
[Site "Bayern"]
[Date "1995.02.05"]
[Round "5.4"]
[White "Katzer, Joachim"]
[Black "Magg, Christian"]
[Result "1-0"]
[WhiteElo "2020"]
[BlackElo "2120"]
[PlyCount "61"]
[EventDate "1994.10.09"]
[EventType "team-tourn"]
[EventRounds "9"]
[EventCountry "GER"]
[SourceTitle "EXT 2020"]
[Source "ChessBase"]
[SourceDate "2019.10.17"]
[SourceVersion "1"]
[SourceVersionDate "2019.10.17"]
[SourceQuality "1"]
[WhiteTeam "Sendling SC"]
[BlackTeam "Krumbach"]
[WhiteTeamCountry "GER"]
[BlackTeamCountry "GER"]

1. d4 Nf6 2. c4 e6 3. Nc3 Bb4 4. e3 0-0 5. Nge2 d5 6. a3 Be7 7. cxd5 exd5 8. Ng3 c5 9. dxc5 Bxc5 10. b4 Bd6 11. Nb5 Be5 12. Nd4 Nc6 13. Bb2 Qb6 14. Bd3 Bg4 15. Be2 Bxd4 16. Bxd4 Nxd4 17. Qxd4 Qxd4 18. exd4 Rac8 19. f3 Bh5 20. Kd2 Rfd8 21. Rac1 Bg6 22. Bd3 Bxd3 23. Kxd3 g6 24. h4 h5 25. Ne2 Kf8 26. Rhe1 Ke7 27. Nc3+ Kd7 28. Re5 a6 29. Rce1 Kd6 30. Na4 Re8 31. Nb6 1-0

[Event "Landesliga Sued 9495"]
[Site "Bayern"]
[Date "1994.11.06"]
[Round "2.4"]
[White "Magg, Christian"]
[Black "Ploehn, Heiko"]
[Result "1/2-1/2"]
[WhiteElo "2120"]
[BlackElo "2155"]
[PlyCount "80"]
[EventDate "1994.10.09"]
[EventType "team-tourn"]
[EventRounds "9"]
[EventCountry "GER"]
[SourceTitle "EXT 2020"]
[Source "ChessBase"]
[SourceDate "2019.10.17"]
[SourceVersion "1"]
[SourceVersionDate "2019.10.17"]
[SourceQuality "1"]
[WhiteTeam "Krumbach"]
[BlackTeam "Landshut"]
[WhiteTeamCountry "GER"]
[BlackTeamCountry "GER"]

1. e4 e6 2. d4 d5 3. exd5 exd5 4. Nf3 Nc6 5. Bb5 a6 6. Bxc6+ bxc6 7. 0-0 Bd6 8. Re1+ Ne7 9. Bg5 0-0 10. Nbd2 f6 11. Bh4 Nf5 12. Bg3 Nxg3 13. hxg3 Bg4 14. c4 dxc4 15. Qa4 Bd7 16. Qxc4+ Kh8 17. Nb3 a5 18. Re2 Re8 19. Rae1 Rxe2 20. Rxe2 Qg8 21. Qxg8+ Kxg8 22. Nc5 Bg4 23. Re3 Kf7 24. Nd2 Bxc5 25. dxc5 Rd8 26. Nc4 Rd1+ 27. Kh2 Rd5 28. Nxa5 Rxc5 29. b4 Rc2 30. f3 Bd7 31. a3 c5 32. Nb7 cxb4 33. axb4 Bb5 34. Nd8+ Kg6 35. Ne6 Rc4 36. Rb3 Kf7 37. Nc5 Rc2 38. Rb1 Bc4 39. g4 Bd5 40. Kg3 Ke7 1/2-1/2